Online
Catalog
Normal view MARC view

Entry Nombre personal

Number of records used in: 1

001 - NÚMERO DE CONTROL

  • campo de control: 78230

003 - IDENTIFICADOR DEL NÚMERO DE CONTROL

  • campo de control: BNPHU

005 - FECHA Y HORA DE LA ÚLTIMA TRANSACCIÓN

  • campo de control: 20240226131841.0

008 - DATOS DE LONGITUD FIJA

  • campo de control de longitud fija: 210323|| aca||aabn | a|a d

040 ## - FUENTE DE LA CATALOGACIÓN

  • Centro catalogador/agencia de origen: DO-SdBNP
  • Lengua de catalogación: spa
  • Centro/agencia transcriptor: BNPHU
  • Normas de descripción: rda

100 1# - ENCABEZAMIENTO-NOMBRE DE PERSONA

  • Nombre de persona: Puello Vásquez, Elismar

370 ## - LUGAR ASOCIADO

  • Lugar de nacimiento: República Dominicana

375 ## - GÉNERO/SEXO

  • Género/Sexo: Femenino

377 ## - LENGUA/LENGUAJE ASOCIADO

  • Código del idioma: spa

670 ## - FUENTE DE DATOS ENCONTRADOS

  • Cita de la fuente: Puello Vásquez, Elismar, Ilusion de muerte /, 2020.

Powered by Koha